000 01921namaa2200445uu 4500
001 doab135435
003 oapen
005 20260218110502.0
006 m o d
007 cr|mn|---annan
008 240307s2024 xx |||||o ||| 0|eng d
020 _a9781803556758
020 _a9781803556765
020 _a9781803556772
020 _aintechopen.106306
024 7 _a10.5772/intechopen.106306
_2doi
040 _aoapen
_coapen
_d
041 0 _aeng
042 _adc
720 1 _aGeorge Taukeni, Simon
_4edt
245 0 0 _aThe Theory and Practice of Group Therapy
260 _bIntechOpen
_c2024
300 _a1 online resource (148 p.)
336 _atext
_btxt
_2rdacontent
337 _acomputer
_bc
_2rdamedia
338 _aonline resource
_bcr
_2rdacarrier
506 0 _fUnrestricted online access
_2star
520 _aThe Theory and Practice of Group Therapy is the definitive resource for group therapists, educators, students, and practitioners with a passion for and a keen interest in practicing group therapy. This cutting-edge book is written by leading scientists from diverse niche areas of health sciences, mental health, health psychology, and allied psychology. It addresses themes such as theories of group therapy, Yoga, and music therapy.
540 _aCreative Commons
_fhttps://creativecommons.org/licenses/by/3.0/
_2cc
_uhttps://creativecommons.org/licenses/by/3.0/
546 _aEnglish
650 7 _aPsychotherapy
_2bicssc
720 1 _aGeorge Taukeni, Simon
_4oth
720 1 _aMollaoğlu, Mukadder
_4edt
720 1 _aMollaoğlu, Mukadder
_4oth
720 1 _aMollaoğlu, Songül
_4edt
720 1 _aMollaoğlu, Songül
_4oth
793 0 _aDOAB Library.
856 _uhttps://docs.google.com/spreadsheets/d/1yKIrdCPDAG_9c22mwoOIO2DOhtj65Wqa/edit?usp=sharing&ouid=106555315294820607512&rtpof=true&sd=true
_yList of Curated E-Books
942 _cE-BOOK
999 _c81727
_d81726